[Event "1/128 Finale"]
[Site "www.chess-mail.com"]
[Date "2015.12.20"]
[Round "1"]
[White "Redabond"]
[Black "Maredocla"]
[WhiteElo "1630"]
[BlackElo "2020"]
[Result "0-1"]
[Round "1"]
1.d4 d5
2.Bc1f4 Nb8c6
3.Ng1f3 Bc8f5
4.e3 Nc6b4
5.Bf1d3 Bf5xd3
6.cxd3 e6
7.Qd1a4 c6
8.O-O Nb4xd3
9.Bf4g3 Nd3xb2
10.Qa4b3 Qd8b6
11.Qb3xb6 axb6
12.Nb1c3 Bf8b4
13.Nc3e2 Nb2c4
14.Ra1b1 Ra8xa2
15.Rb1xb4 Ra2xe2
16.Rf1a1 Re2c2
17.Ra1a8 Kd7
18.h3 b5
19.Ra8b8 Nc4d6
20.Bg3xd6 Kxd6
21.Rb8xb7 Ng8h6
22.Nf3e5 Rh8d8
23.Ne5xf7 Nh6xf7
24.Rb7xf7 Rd8d7
25.Rf7xd7 Kxd7
26.Rb4b1 Ke7
27.Kf1 Kf6
28.Rb1a1 h6
29.Ke1 Kf5
30.Ra1a7 g6
31.g4 Kf6
32.Ra7a6 Kg5
33.Kf1 Kh4
34.Kg2 h5
35.gxh5 Kxh5
36.Kg3 g5
37.Ra6a8 Kg6
38.Kg4 Rc2xf2
39.Ra8g8 Kf7
40.Rg8xg5 Rf2g2
41.Kf4 Rg2xg5
42.Kxg5 b4
43.h4 b3
{ resign }
0-1

[Event "1/128 Finale"]
[Site "www.chess-mail.com"]
[Date "2015.12.20"]
[Round "1"]
[White "Avg"]
[Black "Mitja"]
[WhiteElo "1499"]
[BlackElo "1910"]
[Result "1-0"]
[Round "1"]
1.f4 d5
2.Ng1f3 e6
3.e3 c6
4.g3 Ng8f6
5.Bf1g2 Nb8d7
6.O-O Nd7b6
7.Nb1c3 Bf8e7
8.d4 Nf6e4
9.Nc3xe4 dxe4
10.Nf3e5 f6
11.Qd1h5 g6
12.Ne5xg6 hxg6
13.Qh5xh8 Kd7
14.Qh8xd8 Kxd8
15.Bg2xe4 f5
16.Be4d3 Nb6d5
17.Bc1d2 b6
18.e4 Nd5f6
19.exf5 gxf5
20.Ra1e1 Bc8d7
21.Re1e2 Kc7
22.Bd3xf5 { resign }
1-0

[Event "1/32 Finale"]
[Site "www.chess-mail.com"]
[Date "2015.12.20"]
[Round "1"]
[White "Maredocla"]
[Black "Llord"]
[WhiteElo "2110"]
[BlackElo "1880"]
[Result "1-0"]
[Round "1"]
1.f4 Nb8c6
2.Ng1f3 d6
3.b3 Bc8g4
4.e3 Ng8f6
5.Bf1b5 a6
6.Bb5xc6 bxc6
7.h3 Bg4xf3
8.Qd1xf3 d5
9.Bc1b2 e6
10.O-O Bf8d6
11.d3 O-O
12.Qf3g3 Nf6h5
13.Qg3g4 g6
14.Nb1d2 Bd6b4
15.c3 Bb4e7
16.Qg4d1 Nh5g3
17.Rf1f3 Ng3f5
18.Nd2f1 Nf5h4
19.Rf3f2 Be7c5
20.d4 Bc5d6
21.b4 Nh4f5
22.g4 Nf5h4
23.Nf1h2 a5
24.a3 axb4
25.cxb4 Qd8f6
26.Qd1e1 Ra8a6
27.Rf2c2 Kh8
28.Ra1c1 h5
29.g5 Qf6f5
30.Qe1xh4 Qf5e4
31.Kf2 Kg7
32.Nh2f1 Qe4d3
33.Rc2d2 Qd3e4
34.Nf1g3 { resign }
1-0

[Event "Eq:Equipo Juan Diaz-Team USA : "]
[Site "www.chess-mail.com"]
[Date "2015.12.20"]
[Round "1"]
[White "Naujzaid"]
[Black "Gatrooper"]
[WhiteElo "1890"]
[BlackElo "1510"]
[Result "1-0"]
[Round "1"]
1.d4 d5
2.c4 dxc4
3.Ng1f3 Nb8c6
4.e3 a6
5.Bf1xc4 Bc8e6
6.d5 Be6g4
7.dxc6 bxc6
8.Bc4xf7 Kxf7
9.Nf3e5 Ke8
10.Qd1xd8 Ra8xd8
11.Ne5xg4 h6
12.Nb1c3 e6
13.Ng4e5 Ng8e7
14.O-O Ne7f5
15.Ne5xc6 Rd8a8
16.e4 Nf5d6
17.b3 Nd6b5
18.Nc3xb5 axb5
19.Bc1b2 Bf8e7
20.Nc6xe7 Kxe7
21.Bb2xg7 Rh8g8
22.Bg7xh6 Rg8h8
23.Bh6f4 Ra8c8
24.Rf1c1 c6
25.a4 b4
26.Rc1c5 Rh8f8
27.g3 Rf8g8
28.Ra1c1 Kf6
29.Rc5xc6 Rc8d8
30.h4 Rd8d7
31.Rc6b6 Rd7e7
32.Bf4g5 Rg8xg5
33.hxg5 Kxg5
34.Rc1c5 e5
35.Rb6xb4 Re7e6
36.Rc5xe5 Re6xe5
37.f4 Kg4
38.fxe5 Kg5
39.a5 Kg6
40.a6 Kf7
41.Rb4b6 Ke7
42.a7 { resign }
1-0

[Event "Fast Game"]
[Site "www.echecsemail.com"]
[Date "2015.12.20"]
[Round "1"]
[White "Cal"]
[Black "Amaya"]
[WhiteElo "1599"]
[BlackElo "1589"]
[Result "0-1"]
[Round "1"]
1.Nb1c3 Ng8f6
2.e4 d6
3.h3 g6
4.Ng1f3 Bf8g7
5.d4 Nb8d7
6.Bc1f4 O-O
7.Bf1c4 Rf8e8
8.O-O Nd7b6
9.Bc4d3 Bc8d7
10.e5 dxe5
11.dxe5 Nf6d5
12.Nc3xd5 Nb6xd5
13.Bf4h2 Nd5b4
14.a3 Nb4xd3
15.cxd3 e6
16.d4 Bd7c6
17.Nf3d2 Qd8d5
18.Nd2f3 Bc6b5
19.Rf1e1 Ra8d8
20.a4 Bb5c4
21.Qd1c2 c6
22.Re1e4 Bc4b3
23.Qc2e2 Bb3c4
24.Qe2e3 Qd5a5
25.b3 Bc4d5
26.Re4h4 h5
27.Nf3g5 Bg7h6
28.Qe3g3 Qa5d2
29.Rh4xh5 Qd2xd4
30.Ra1f1 Kg7
31.Qg3f4 Qd4xf4
32.Bh2xf4 Bd5xb3
33.Rh5h4 Bb3xa4
34.Bf4e3 Re8h8
35.f4 Bh6xg5
36.Rh4xh8 Kxh8
37.fxg5 Rd8d1
38.Rf1xd1 Ba4xd1
39.Kf2 b6
40.Ke1 Bd1b3
41.Be3d4 c5
42.Bd4c3 b5
43.Bc3a5 Kg8
44.g3 Kf8
45.Kd2 Ke8
46.g4 Bb3d5
47.h4 Bd5f3
48.h5 gxh5
49.gxh5 Bf3xh5
50.Kc3 Kd7
51.Kd2 Kc6
52.Kc3 Kd5
53.Ba5c7 a5
54.Bc7d6 a4
55.Kd3 a3
56.Kc3 b4
57.Kb3 Bh5e2
58.Bd6c7 Be2c4
59.Kc2 b3
60.Kc3 b2
61.Kc2 Bc4a2
{ resign }
0-1

[Event "Tourn. n8400"]
[Site "www.chess-mail.com"]
[Date "2015.12.21"]
[Round "1"]
[White "Iko"]
[Black "Azorau"]
[WhiteElo "1630"]
[BlackElo "1890"]
[Result "0-1"]
[Round "1"]
1.e4 e5
2.Ng1f3 Nb8c6
3.Bf1b5 Nc6d4
4.Nf3xd4 exd4
5.c4 c6
6.Bb5a4 Ng8f6
7.e5 Qd8e7
8.Qd1e2 Nf6g8
9.d3 Qe7b4
10.Qe2d2 Qb4xa4
11.b3 Qa4a6
12.Qd2f4 c5
13.O-O Bf8e7
14.Qf4g4 g6
15.f4 d5
16.Qg4f3 Bc8e6
17.cxd5 Be6f5
18.d6 Bf5xd3
19.dxe7 Bd3xf1
20.Qf3xf1 Qa6e6
21.Qf1b5 Qe6d7
22.Qb5xd7 Kxd7
23.f5 Kxe7
24.Bc1g5 f6
25.exf6 Kf7
26.Nb1d2 h6
27.fxg6 Kxg6
28.Nd2e4 hxg5
29.Ra1f1 Ra8f8
30.h3 b6
31.Kh2 Ng8xf6
32.Ne4d6 d3
33.Rf1d1 Nf6g4
34.Kg3 Ng4e5
35.Rd1e1 d2
36.Re1d1 Rf8d8
37.Nd6b7 Rd8d7
38.Kf2 Rh8f8
39.Ke3 Rd7xb7
40.Rd1xd2 Rb7e7
41.Rd2d5 Ne5c6
42.Kd3 Nc6b4
43.Kc4 Nb4xa2
44.Rd5d6 Rf8f6
45.Rd6d8 Re7e4
46.Kb5 Na2c3
47.Ka6 Rf6f7
48.Rd8g8 Rf7g7
49.Rg8f8 Re4b4
50.g4 Rb4xb3
51.Rf8f3 Rb3a3

0-1

[Event "Tourn. n8482"]
[Site "www.chess-mail.com"]
[Date "2015.12.21"]
[Round "1"]
[White "Maredocla"]
[Black "Luban"]
[WhiteElo "2040"]
[BlackElo "2010"]
[Result "1-0"]
[Round "1"]
1.f4 d5
2.Ng1f3 g6
3.e3 Bf8g7
4.d4 c5
5.c3 cxd4
6.cxd4 a6
7.Bc1d2 Nb8c6
8.Bf1d3 Bc8g4
9.O-O e6
10.Qd1b3 Qd8c7
11.Nf3e5 Nc6xe5
12.fxe5 Ng8e7
13.Qb3a4 Qc7c6
14.Qa4xc6 Ne7xc6
15.h3 Bg4f5
16.Bd3xf5 exf5
17.a3 Ke7
18.Nb1c3 Ke6
19.Nc3a4 b5
20.Na4c5 Ke7
21.g3 Rh8d8
22.Ra1c1 a5
23.b3 Ra8a7
24.Kg2 Bg7h6
25.Kf3 Nc6xd4
26.exd4 Bh6xd2
27.Rc1c2 Bd2h6
28.Nc5d3 Bh6g7
29.Rc2c5 Ra7b7
30.Rf1c1 Kf8
31.Rc5c8 Ke7
32.Rc8xd8 Kxd8
33.Rc1c5 Ke8
34.Rc5xd5 Bg7f8
35.Nd3c5 Rb7c7
36.b4 Bf8xc5
37.dxc5 Ke7
38.Kf4 axb4
39.axb4 h6
40.Rd5d6 Rc7b7
41.h4 Ke8
42.h5 Rb7d7
43.hxg6 Rd7xd6
44.gxf7 { resign }
1-0

[Event "Tourn. n8543"]
[Site "www.chess-mail.com"]
[Date "2015.12.21"]
[Round "1"]
[White "Francesco"]
[Black "Tonino1"]
[WhiteElo "1970"]
[BlackElo "2040"]
[Result "1/2-1/2"]
[Round "1"]
1.e4 c5
2.Ng1f3 d6
3.d4 cxd4
4.Nf3xd4 Ng8f6
5.Nb1c3 g6
6.Bc1e3 Bf8g7
7.Bf1d3 O-O
8.O-O Nb8c6
9.h3 a6
10.a3 Bc8d7
11.f4 Nf6h5
12.Nd4e2 Qd8c8
13.g4 Bd7xg4
14.hxg4 Qc8xg4
15.Kh2 Qg4h4
16.Kg2 Qh4g4
17.Kh2 Qg4h4
18.Kg2 { draw }
1/2-1/2

[Event "Tourn. n8478"]
[Site "www.chess-mail.com"]
[Date "2015.12.21"]
[Round "1"]
[White "Cathar"]
[Black "Faerieking"]
[WhiteElo "2320"]
[BlackElo "2270"]
[Result "0-1"]
[Round "1"]
1.Ng1f3 Ng8f6
2.c4 e6
3.d4 Bf8b4
4.Nb1d2 b6
5.a3 Bb4xd2
6.Qd1xd2 Bc8b7
7.e3 Nf6e4
8.Qd2c2 Ne4g5
9.Nf3xg5 Qd8xg5
10.f3 Qg5h4
11.Qc2f2 Qh4f6
12.b4 d6
13.Bc1b2 O-O
14.Bf1d3 Nb8d7
15.O-O c6
16.Rf1d1 Qf6e7
17.b5 cxb5
18.cxb5 f5
19.Qf2e2 Nd7f6
20.e4 fxe4
21.fxe4 Ra8c8
22.a4 Rf8d8
23.Bb2a3 Qe7d7
24.Rd1f1 Bb7a8
25.Ra1c1 Rc8c7
26.Rc1xc7 Qd7xc7
27.Rf1c1 Qc7d7
28.h3 Qd7b7
29.Rc1c6 Nf6e8
30.e5 Qb7d7
31.Rc6c3 g6
32.Bd3c4 dxe5
33.dxe5 Qd7d4
34.Rc3e3 Ne8g7
35.Kh1 Ba8d5
36.Bc4xd5 Rd8xd5
37.Re3e4 Qd4a1
{ resign }
0-1

[Event "Tourn. n8498"]
[Site "www.chess-mail.com"]
[Date "2015.12.21"]
[Round "1"]
[White "Neo"]
[Black "Krystek231"]
[WhiteElo "1860"]
[BlackElo "1960"]
[Result "1-0"]
[Round "1"]
1.d4 Ng8f6
2.g3 c6
3.Bf1g2 d5
4.e3 e6
5.Ng1f3 Bf8d6
6.Nf3e5 Nb8d7
7.Ne5xd7 Bc8xd7
8.b3 Qd8c7
9.c4 dxc4
10.bxc4 O-O
11.O-O Ra8d8
12.c5 Bd6e7
13.Bc1d2 b6
14.cxb6 axb6
15.a4  { time }
1-0

[Event "Tourn. n8532"]
[Site "www.chess-mail.com"]
[Date "2015.12.21"]
[Round "1"]
[White "Tonino1"]
[Black "Attatroll"]
[WhiteElo "1990"]
[BlackElo "1920"]
[Result "1-0"]
[Round "1"]
1.d4 e5
2.dxe5 Nb8c6
3.f4 Bf8c5
4.Ng1f3 Ng8e7
5.e4 O-O
6.c4 Ne7g6
7.Nb1c3 d6
8.exd6 Bc5xd6
9.Nc3d5 Bc8e6
10.f5 Be6xd5
11.cxd5 Ng6e5
12.dxc6 Ne5xf3
13.Qd1xf3 Rf8e8
14.cxb7 Ra8b8
15.Bf1b5 Qd8h4
16.g3 Qh4xe4
17.Qf3xe4 Re8xe4
18.Kf1 Re4d4
19.Bb5c6 Rb8e8
20.Bc6xe8 { resign }
1-0

[Event "Tourn. n8425"]
[Site "www.chess-mail.com"]
[Date "2015.12.21"]
[Round "1"]
[White "Gimmyg"]
[Black "Tartan"]
[WhiteElo "2470"]
[BlackElo "2450"]
[Result "1-0"]
[Round "1"]
1.Ng1f3 d5
2.b3 Ng8f6
3.e3 Bc8g4
4.Bc1b2 Nb8d7
5.h3 Bg4h5
6.c4 e6
7.cxd5 exd5
8.Nb1c3 c6
9.g4 Bh5g6
10.Nc3e2 Bf8d6
11.Ne2d4 O-O
12.Bf1e2 Ra8c8
13.Nd4f5 Bg6xf5
14.gxf5 Qd8e7
15.Rh1g1 Nd7e5
16.Qd1c2 Ne5xf3
17.Be2xf3 Bd6e5
18.d4 Be5d6
19.Rg1g2 c5
20.Qc2d3 c4
21.bxc4 dxc4
22.Qd3c2 c3
23.Bb2c1 Rf8e8
24.Ra1b1 b6
25.Kf1 Bd6a3
26.Bc1xa3 Qe7xa3
27.Kg1 Re8d8
28.Kh1 Kf8
29.Rg2g1 Qa3d6
30.Rg1c1 Rd8d7
31.a4 Rd7c7
32.a5 bxa5
33.Rb1b5 a4
34.Qc2xa4 Qd6d7
35.Kg2 c2
36.Rb5a5 Qd7e7
37.Qa4a3 Qe7xa3
38.Ra5xa3 g6
39.fxg6 hxg6
40.Kf1 Nf6h7
41.Ke2 f5
42.Kd3 Nh7g5
43.Bf3g2 Ng5e4
44.Bg2xe4 { resign }
1-0

[Event "Tourn. n8399"]
[Site "www.chess-mail.com"]
[Date "2015.12.21"]
[Round "1"]
[White "Awfen"]
[Black "Falcoale"]
[WhiteElo "2000"]
[BlackElo "1910"]
[Result "1-0"]
[Round "1"]
1.e4 c5
2.Ng1f3 Nb8c6
3.Bf1c4 e6
4.O-O a6
5.c3 b5
6.Bc4b3 Bc8b7
7.d4 cxd4
8.cxd4 Ng8f6
9.Nb1c3 Bf8e7
10.Nf3g5 h6
11.Ng5f3 b4
12.e5 bxc3
13.exf6 Be7xf6
14.bxc3 O-O
15.Bc1a3 Rf8e8
16.Qd1d3 Nc6e7
17.Nf3e5 Ne7c6
18.Ne5g4 e5
19.Qd3c4 exd4
20.Qc4xf7 Kh8
21.Ng4xf6 Qd8xf6
22.Qf7xd7 Ra8b8
23.cxd4 Nc6xd4
24.Bb3c4 Qf6g5
25.Qd7h3 Nd4f3
26.Kh1 Nf3h4
27.f3 Qg5f4
28.Bc4b3 Re8e2
29.Qh3g3 Nh4xg2
30.Qg3xf4 Ng2xf4
31.Ba3d6 Nf4h3
32.Bd6xb8 Nh3g5
33.Bb3d1 Re2e8
34.Bb8f4 Ng5h3
35.Bf4d2 Nh3g5
36.Bd2xg5 hxg5
37.Kg1 Bb7c6
38.Kf2 Re8f8
39.Ra1c1 Bc6a8
40.Rf1g1 Kh7
41.Rg1xg5 Kh6
42.Rg5a5 Rf8f6
43.Rc1c4 Ba8b7
44.Rc4c7 Rf6b6
45.Bd1b3 g5
46.Ra5e5 Bb7a8
47.Re5e7 Rb6f6
48.Re7h7 { resign }
1-0

[Event "Tourn. n8468"]
[Site "www.chess-mail.com"]
[Date "2015.12.21"]
[Round "1"]
[White "Bojan"]
[Black "Alvarin111"]
[WhiteElo "2040"]
[BlackElo "1990"]
[Result "1-0"]
[Round "1"]
1.e4 e6
2.d4 d5
3.exd5 Qd8xd5
4.a3 Nb8c6
5.Ng1f3 Bf8e7
6.Nb1c3 Qd5d8
7.Bc1e3 Ng8f6
8.Bf1b5 Bc8d7
9.d5 exd5
10.Nc3xd5 a6
11.Bb5c4 Bd7e6
12.Nd5xe7 Nc6xe7
13.Bc4xe6 fxe6
14.O-O O-O
15.Nf3g5 Qd8c8
16.Qd1e2 h6
17.Ng5h3 Ne7g6
18.Rf1d1 Rf8d8
19.Nh3f4 Ng6h8
20.Be3c5 Rd8e8
21.Rd1e1 e5
22.Qe2c4 Kh7
23.Nf4e2 b6
24.Bc5b4 c5
25.Bb4c3 b5
26.Qc4h4 Nh8g6
27.Qh4g3 Nf6e4
28.Qg3e3 Ne4xc3
29.Qe3xc3 Qc8c6
30.Ne2g3 Ra8c8
31.Re1e4 Qc6f6
32.a4 Ng6f4
33.b3 Nf4d5
34.Qc3d3 Qf6c6
35.Re4xe5 Kh8
36.Qd3xd5 Qc6f6
37.Ra1e1 Re8f8
38.f3 Qf6f4
39.axb5 axb5
40.Qd5d7 Rc8d8
41.Qd7xb5 Rd8d2
42.Qb5xc5 Kh7
43.Qc5c3 Rf8d8
44.Ng3h5 Rd2xg2
45.Kxg2 Rd8d2
46.Re1e2 Rd2xe2
47.Re5xe2 Qf4g5
48.Nh5g3 h5
49.Re2e5 { resign }
1-0

[Event "Match"]
[Site "www.echecsemail.com"]
[Date "2015.12.21"]
[Round "1"]
[White "Forest"]
[Black "Huw"]
[WhiteElo "1570"]
[BlackElo "2150"]
[Result "1-0"]
[Round "1"]
1.e4 c5
2.Ng1f3 Nb8c6
3.Nb1c3 e6
4.d4 cxd4
5.Nf3xd4 Ng8f6
6.a3 d5
7.exd5 Nf6xd5
8.Nc3xd5 Qd8xd5
9.Nd4xc6 Qd5xc6
10.a4 Bf8c5
11.Bf1b5 { resign }
1-0

[Event "Match"]
[Site "www.echecsemail.com"]
[Date "2015.12.21"]
[Round "1"]
[White "Jpjohnston"]
[Black "Markos123"]
[WhiteElo "2060"]
[BlackElo "1790"]
[Result "1-0"]
[Round "1"]
1.e4 e5
2.Bf1c4 Ng8f6
3.d3 Bf8c5
4.Ng1f3 d6
5.Nf3g5 O-O
6.Bc4xf7 Kh8
7.Bf7e6 Qd8e7
8.Be6xc8 Rf8xc8
9.O-O Nb8c6
10.Nb1c3 a6
11.Nc3e2 h6
12.Ng5f3 Nf6g4
13.h3 Bc5xf2
14.Rf1xf2 Ng4xf2
15.Kxf2 Rc8f8
16.Kg3 Qe7e6
17.Kh2 Nc6e7
18.Nf3h4 d5
19.Ne2g3 Ra8d8
20.Qd1h5 d4
21.Bc1g5 Rd8e8
22.Bg5xe7 Qe6xe7
23.Nh4g6 Kh7
24.Ng6xe7 Re8xe7
25.Ra1f1 Re7f7
26.Rf1xf7  { time }
1-0

[Event "Match"]
[Site "www.echecsemail.com"]
[Date "2015.12.21"]
[Round "1"]
[White "Ranjachess"]
[Black "Rindrandria"]
[WhiteElo "1710"]
[BlackElo "1580"]
[Result "1-0"]
[Round "1"]
1.Ng1f3 d5
2.d4 c6
3.g3 Ng8f6
4.Nb1c3 Nf6e4
5.Qd1d3 Qd8a5
6.Bc1d2 Ne4xd2
7.Qd3xd2 Qa5b4
8.b3 e6
9.a3 Qb4a5
10.Ra1a2 Bf8b4
11.axb4 Qa5c7
12.Bf1g2 Nb8a6
13.b5 Na6b4
14.Ra2a4 c5
15.O-O cxd4
16.Nf3xd4 e5
17.Nd4f3 d4
18.Nc3e4 f5
19.Qd2xb4 fxe4
20.b6 Qc7xc2
21.Ra4xa7 Ra8b8
22.Nf3xe5 Qc2xe2
23.Rf1e1 Qe2h5
24.Re1xe4 Bc8f5
25.g4 Qh5h4
26.Ne5f3 Bf5xe4
27.Nf3xh4 Be4d3
28.Bg2xb7 Rh8f8
29.Bb7c6 Kd8
30.Qb4xf8 
1-0

[Event "Match"]
[Site "www.echecsemail.com"]
[Date "2015.12.21"]
[Round "1"]
[White "Geodad5"]
[Black "Stevep84"]
[WhiteElo "2220"]
[BlackElo "2170"]
[Result "0-1"]
[Round "1"]
1.e4 c6
2.d4 d5
3.e5 Bc8f5
4.g4 Bf5g6
5.h4 h6
6.Bf1d3 Bg6xd3
7.Qd1xd3 e6
8.f4 Nb8d7
9.Bc1e3 Qd8c7
10.Nb1d2 O-O-O
11.O-O-O Bf8b4
12.Ng1f3 Bb4xd2
13.Rd1xd2 Ng8e7
14.Kb1 g6
15.Rh1c1 f5
16.g5 hxg5
17.fxg5 Rd8f8
18.c4 Nd7b6
19.cxd5 Nb6xd5
20.Rd2c2 Nd5b4
21.Qd3c4 Nb4xc2
22.Qc4xe6 Kb8
23.Rc1xc2 Rh8g8
24.Qe6b3 Ne7d5
25.Be3d2 Qc7b6
26.Qb3a3 Qb6c7
27.b4 Qc7e7
28.Qa3b3 Rf8d8
29.Rc2b2 Nd5b6
30.a4 Rg8g7
31.a5 Nb6d7
32.Bd2c3 Rg7h7
33.Qb3c4 Rd8e8
34.d5 cxd5
35.Qc4xd5 Qe7e6
36.Qd5d3 Nd7f8
37.Bc3d4 Rh7d7
38.Qd3e3 Qe6c4
39.Rb2b3 a6
40.Kb2 Nf8e6
41.Bd4c5 Ne6xc5
42.bxc5 Rd7c7
43.Qe3d2 Qc4xc5
44.Rb3b6 Rc7c6
45.Rb6b3 Re8c8
46.Qd2e2 Qc5c1
{ resign }
0-1

[Event "Match"]
[Site "www.echecsemail.com"]
[Date "2015.12.21"]
[Round "1"]
[White "Ditto"]
[Black "Ericleo1980"]
[WhiteElo "1820"]
[BlackElo "2250"]
[Result "0-1"]
[Round "1"]
1.e4 c5
2.Bf1c4 e6
3.Ng1f3 d6
4.d4 cxd4
5.Qd1xd4 Nb8c6
6.Qd4d1 Ng8f6
7.Bc1g5 Bf8e7
8.O-O Nf6xe4
9.Bg5xe7 Qd8xe7
10.Rf1e1 Ne4f6
11.Nb1c3 O-O
12.a3 Qe7d7
13.Bc4b3 d5
14.Bb3a4 a6
15.Nf3e5 Qd7c7
16.Qd1d3 Nc6xe5
17.Qd3g3 b5
18.Ba4b3 Nf6d7
19.Nc3e2 Ra8a7
20.Ne2f4 Ne5c4
21.Ra1b1 Nd7f6
22.c3 Nc4d2
23.Bb3c2 Nd2xb1
24.Bc2xb1 Bc8d7
25.Qg3h4 Qc7c4
26.Qh4g3 Rf8c8
27.Bb1d3 Qc4b3
28.Re1b1 e5
29.Nf4h3 e4
30.Bd3e2 Bd7xh3
31.Qg3xh3 Rc8d8
32.Qh3e3 Ra7d7
33.Qe3d4 Qb3c2
34.Rb1e1 Qc2xb2
35.Qd4c5 d4
36.cxd4 Qb2xd4
37.Qc5f5 Qd4d2
38.Kf1 Qd2d5
39.Qf5f4 Qd5b3
40.h3 Qb3xa3
41.g3 b4
42.Be2c4 b3
43.Qf4e3 h6
44.Bc4xb3 Rd7d3
45.Qe3b6 Qa3xb3
46.Qb6xa6 Rd3d1
47.Qa6a5 Rd1xe1
48.Kxe1 Qb3d1
{ resign }
0-1

[Event "Match"]
[Site "www.echecsemail.com"]
[Date "2015.12.21"]
[Round "1"]
[White "Mrjuarezches"]
[Black "Genius7"]
[WhiteElo "1199"]
[BlackElo "2050"]
[Result "0-1"]
[Round "1"]
1.e4 e5
2.Bf1d3 Ng8f6
3.Nb1c3 d5
4.Ng1f3 Nb8c6
5.Bd3b5 dxe4
6.Nf3g5 h6
7.Ng5h3 Bc8g4
 { time }
0-1

[Event "1/4 Finale"]
[Site "www.chess-mail.com"]
[Date "2015.12.21"]
[Round "1"]
[White "Conde7"]
[Black "Schwiizer"]
[WhiteElo "2850"]
[BlackElo "2770"]
[Result "1/2-1/2"]
[Round "1"]
1.e4 c5
2.Ng1f3 d6
3.d4 cxd4
4.Nf3xd4 Ng8f6
5.Nb1c3 a6
6.h3 e5
7.Nd4b3 Bc8e6
8.Bc1e3 Bf8e7
9.Qd1f3 O-O
10.O-O-O b5
11.Kb1 b4
12.Nc3d5 Nf6xd5
13.exd5 Be6c8
14.g4 f5
15.gxf5 Bc8xf5
16.Qf3g2 a5
17.Bf1d3 Bf5xd3
18.Rd1xd3 Nb8d7
19.Nb3d2 Be7h4
20.Rh1g1 g6
21.f3 Kh8
22.Qg2g4 Rf8f5
23.Nd2e4 Bh4e7
24.Be3h6 Ra8c8
25.h4 Rf5h5
26.Bh6g7 Kg8
27.Bg7f6 Kf8
28.Bf6g5 Be7xg5
29.Ne4xg5 Nd7c5
30.Rd3d1 Qd8d7
31.Ng5e4 Ke7
32.Qg4xh5 gxh5
33.Rg1g7 Kd8
34.Rd1g1 Qd7f5
35.Ne4xd6 Qf5xf3
36.Rg7f7 Qf3xf7
37.Nd6xf7 Ke7
38.Nf7xe5 Rc8f8
39.Rg1d1 Nc5b7
40.Rd1e1 Kd6
41.b3 Kxd5
42.Ne5c4 Rf8f4
43.Re1e5 Kd4
44.Re5b5 Kc3
45.Nc4e3 Kd4
46.Ne3f5 Ke4
47.Nf5g7 Nb7d6
48.Rb5xa5 Rf4xh4
49.Kb2 Ke3
50.Ra5d5 Rh4g4
51.Ng7xh5 Rg4d4
52.Rd5a5 Nd6e4
53.a3 { draw }
1/2-1/2

[Event "1/16 Finale"]
[Site "www.chess-mail.com"]
[Date "2015.12.21"]
[Round "1"]
[White "Fjpv"]
[Black "Cristiano"]
[WhiteElo "2730"]
[BlackElo "2140"]
[Result "1-0"]
[Round "1"]
1.e4 c5
2.c3 e5
3.Ng1f3 Nb8c6
4.Bf1c4 h6
5.O-O Ng8f6
6.d4 cxd4
7.cxd4 exd4
8.Nf3xd4 d6
9.Bc1e3 Bf8e7
10.Nb1c3 a6
11.Bc4d5 Bc8d7
12.Qd1b3 Nf6xd5
13.Nc3xd5 b5
14.Nd4f5 Bd7xf5
15.exf5 Kf8
16.Rf1c1 Ra8c8
17.a4 Nc6a5
18.Qb3b4 Na5c4
19.axb5 Nc4xe3
20.Rc1xc8 Qd8xc8
21.fxe3 Qc8xf5
22.bxa6 Qf5xd5
23.Qb4b8 { resign }
1-0

[Event "Eq:Angolana Scacchi-Slap Shot Mates : "]
[Site "www.chess-mail.com"]
[Date "2015.12.21"]
[Round "1"]
[White "Echo314"]
[Black "Huw"]
[WhiteElo "2760"]
[BlackElo "1970"]
[Result "1-0"]
[Round "1"]
1.e4 e5
2.Ng1f3 Ng8f6
3.Nf3xe5 d6
4.Ne5f3 Nf6xe4
5.d4 d5
6.Bf1d3 Nb8c6
7.Nb1c3 f5
8.O-O Bf8e7
9.Nc3e2 O-O
10.c4 Bc8e6
11.Ne2f4 Qd8d6
12.c5 Qd6d7
13.Bd3b5 Be7f6
14.Nf4h5 Qd7e7
15.Nh5xf6 Qe7xf6
16.Bc1f4 Rf8c8
17.Bb5xc6 bxc6
18.Rf1e1 Ra8b8
19.b3 Rb8b7
20.Nf3e5 g5
21.Bf4c1 Be6f7
22.f3 Ne4c3
23.Qd1d3 Nc3b5
24.Ne5xf7 Kxf7
25.Re1e5 Kg6
26.Bc1b2 { resign }
1-0

[Event "Eq:Equipo Juan Diaz-Team USA : "]
[Site "www.chess-mail.com"]
[Date "2015.12.21"]
[Round "1"]
[White "Gatrooper"]
[Black "Naujzaid"]
[WhiteElo "1510"]
[BlackElo "1890"]
[Result "0-1"]
[Round "1"]
1.e4 c5
2.c4 d6
3.d3 Ng8f6
4.h3 e6
5.Bc1g5 Bf8e7
6.Bg5xf6 Be7xf6
7.Nb1c3 O-O
8.Ng1f3 Nb8c6
9.a3 b6
10.e5 Nc6xe5
11.Nf3xe5 Bf6xe5
12.Bf1e2 Bc8b7
13.Be2f3 Qd8c7
14.Nc3b5 Qc7e7
15.Bf3xb7 Qe7xb7
16.f3 Be5xb2
17.Ra1b1 Bb2e5
18.h4 a6
19.Nb5xd6 Be5xd6
20.a4 Bd6g3
21.Kf1 Ra8d8
22.Rh1h3 Bg3e5
23.h5 h6
24.g4 Be5f4
25.Qd1c2 Rd8d4
26.Rb1e1 Rf8d8
27.Re1d1 b5
28.axb5 axb5
29.cxb5 Qb7xb5
30.g5 Bf4xg5
31.Rh3h2 Rd4xd3
32.Rd1xd3 Qb5xd3
33.Qc2xd3 Rd8xd3
34.Rh2h3 c4
35.Ke2 Rd3d2
36.Ke1 c3
37.f4 Bg5xf4
38.Rh3xc3 Rd2a2
39.Rc3f3 e5
40.Kd1 g5
41.Rf3b3 e4
42.Rb3b6 e3
43.Rb6xh6 e2
44.Ke1 Bf4g3
{ resign }
0-1

[Event "Fast Game"]
[Site "www.echecsemail.com"]
[Date "2015.12.21"]
[Round "1"]
[White "Skarr"]
[Black "Maredocla"]
[WhiteElo "1599"]
[BlackElo "1890"]
[Result "1-0"]
[Round "1"]
1.d4 d5
2.c4 c6
3.Nb1c3 Ng8f6
4.Ng1f3 e6
5.Bc1g5 dxc4
6.e4 h6
7.Bg5xf6 Qd8xf6
8.Bf1xc4 Bf8b4
9.O-O O-O
10.e5 Qf6e7
11.Nc3e4 f5
12.exf6 Rf8xf6
13.Ne4xf6 Qe7xf6
14.Qd1e2 b5
15.Bc4xb5 Bc8b7
16.Bb5c4 c5
17.a3 Bb4a5
18.Qe2xe6 Qf6xe6
19.Bc4xe6 Kh7
20.dxc5 Bb7xf3
21.gxf3 Nb8a6
22.Be6c4 Na6xc5
23.b4 Ba5xb4
24.axb4 Nc5d7
25.Bc4d5 Ra8d8
26.Bd5e4 Kg8
27.Rf1d1 Kf8
28.Ra1xa7 Ke8
29.Be4g6 Ke7
30.f4 Ke6
31.f5 Ke7
32.f4 { resign }
1-0

[Event "Fast Game"]
[Site "www.echecsemail.com"]
[Date "2015.12.21"]
[Round "1"]
[White "Goosebumps"]
[Black "Add"]
[WhiteElo "1880"]
[BlackElo "1780"]
[Result "1-0"]
[Round "1"]
1.e4 d6
2.d4 c6
3.Nb1c3 a6
4.Bf1d3 e6
5.Ng1f3 Nb8d7
6.O-O Ng8f6
7.Bc1g5 Bf8e7
8.Rf1e1 b5
9.Qd1e2 Bc8b7
{ time. }
1-0

[Event "Tourn. n8490"]
[Site "www.chess-mail.com"]
[Date "2015.12.22"]
[Round "1"]
[White "Attatroll"]
[Black "Julian"]
[WhiteElo "1890"]
[BlackElo "1880"]
[Result "1-0"]
[Round "1"]
1.d4 Ng8f6
2.c4 g6
3.Nb1c3 Bf8g7
4.g3 d6
5.Bf1g2 c6
6.Ng1f3 O-O
7.Bc1g5 Qd8c7
8.O-O Bc8f5
9.Nf3h4 Bf5e6
10.d5 cxd5
11.cxd5 Be6d7
12.Ra1c1 Qc7b6
13.b3 Nb8a6
14.e4 Na6c5
15.Rf1e1 h6
16.Bg5e3 Kh7
17.f4 a5
18.Nc3a4 Bd7xa4
19.bxa4 Ra8c8
20.e5 dxe5
21.f5 g5
22.Qd1c2 Nf6d7
23.f6 e4
24.fxg7 Kxg7
25.Nh4f5 Kg6
26.Bg2xe4 Nc5xe4
27.Qc2xe4 Nd7f6
28.Nf5xe7 Kg7
29.Be3xb6 Nf6xe4
30.Rc1xc8 { resign }
1-0

[Event "Tourn. n8538"]
[Site "www.chess-mail.com"]
[Date "2015.12.22"]
[Round "1"]
[White "Duff"]
[Black "Karpawn"]
[WhiteElo "1740"]
[BlackElo "1659"]
[Result "0-1"]
[Round "1"]
1.e4 c5
2.Ng1f3 d6
3.d4 cxd4
4.Nf3xd4 Ng8f6
5.Nb1c3 g6
6.Bc1e3 Bf8g7
7.Qd1d2 Nf6g4
8.Be3g5 h6
9.Bg5h4 Nb8c6
10.Bf1b5 Bc8d7
11.Nd4xc6 bxc6
12.Bb5a4 Ra8b8
13.Ba4b3 Bd7e6
14.Bb3xe6 fxe6
15.h3 Ng4f6
16.Bh4xf6 Bg7xf6
17.O-O-O Qd8a5
18.f4 Rb8xb2
19.e5 Rb2b8
20.exf6 Qa5a3

0-1

[Event "Tourn. n8495"]
[Site "www.chess-mail.com"]
[Date "2015.12.22"]
[Round "1"]
[White "Luban"]
[Black "Norlavuaram"]
[WhiteElo "2030"]
[BlackElo "2270"]
[Result "1-0"]
[Round "1"]
1.d4 Ng8f6
2.c4 g6
3.Nb1c3 Bf8g7
4.e3 d5
5.h3 O-O
6.Ng1f3 c6
7.Bf1d3 e6
8.O-O b6
9.a3 Bc8b7
10.cxd5 exd5
11.e4 dxe4
12.Nc3xe4 Nf6xe4
13.Bd3xe4 Rf8e8
14.Be4c2 Nb8d7
15.Bc1e3 Nd7f6
16.Bc2b3 Nf6d5
17.Bb3xd5 Qd8xd5
18.b4 Ra8d8
19.Ra1c1 Bb7a6
20.Rf1e1 Qd5h5
21.Qd1c2 Ba6b7
22.Nf3d2 Re8e6
23.Nd2b3 Rd8e8
24.Be3d2 Re6e2
25.Re1xe2 Re8xe2
26.Rc1e1 Qh5d5
27.Re1xe2 c5
28.f3 { resign }
1-0

[Event "Tourn. n8488"]
[Site "www.chess-mail.com"]
[Date "2015.12.22"]
[Round "1"]
[White "Lena"]
[Black "Avg"]
[WhiteElo "1390"]
[BlackElo "1499"]
[Result "0-1"]
[Round "1"]
1.e4 d5
2.exd5 Qd8xd5
3.Nb1c3 Qd5e5
4.Bf1e2 c6
5.d4 Qe5c7
6.Ng1f3 Ng8f6
7.Nf3e5 e6
{ resign }
0-1

[Event "Tourn. n8417"]
[Site "www.chess-mail.com"]
[Date "2015.12.22"]
[Round "1"]
[White "Kevinking"]
[Black "Goosebumps"]
[WhiteElo "1530"]
[BlackElo "1699"]
[Result "0-1"]
[Round "1"]
1.e4 c5
2.Ng1f3 e6
3.d4 d5
4.e5 Bc8d7
5.c3 Nb8c6
6.Bf1e2 cxd4
7.cxd4 Ng8e7
8.O-O Ne7g6
9.a3 Bf8e7
10.Bc1e3 O-O
11.Nb1c3 f6
12.exf6 Be7xf6
13.Qd1d2 Ra8c8
14.b4 Qd8c7
15.Ra1c1 a6
16.Rf1e1 Qc7d8
17.Be2d3 Nc6e7
18.Be3f4 Bf6xd4
19.Bd3xg6 Bd4xc3
20.Rc1xc3 Ne7xg6
21.Bf4e3 Qd8f6
22.Rc3xc8 Rf8xc8
23.Be3d4 Qf6e7
24.Nf3e5 Ng6xe5
25.Bd4xe5 b5
26.g3 Bd7e8
27.Re1c1 Rc8c4
28.Rc1xc4 bxc4
29.Qd2c3 Qe7g5
30.f4 Qg5g4
31.Qc3c2 Qg4f3
32.a4 Qf3a3
33.Qc2c3 Qa3xc3
34.Be5xc3 Be8xa4
35.Kf2 Kf7
36.Ke3 Kg6
37.Ke2 h5
38.h3 Kh6
39.Bc3e5 g5
40.Kd2 g4
41.hxg4 hxg4
42.Ke2 Kg6
43.Kd2 Kf7
44.Ke2 Ke7
45.Be5d4 Kd6
46.Kd2 Kc6
47.Ke3 Kb5
48.Bd4c3 Ba4b3
49.Kd4 Bb3c2
50.Ke5 Bc2f5
51.Kd4 Ka4
52.Kc5 Kb3
53.Kd4 Kc2
54.Bc3a1 Kd2
55.Ba1c3 Ke2
56.Kc5 Kd3
57.Bc3e1 c3
58.Kb6 c2
59.Kxa6 c1Q
60.b5 Qc1xe1
61.b6 Qe1xg3
62.b7 Qg3xf4
63.Ka7 g3
64.b8Q Qf4xb8
65.Kxb8 g2
{ resign }
0-1